000 00353nam a2200133Ia 4500
008 240624s9999 xx 000 0 und d
041 _aeng
082 _a332.02402082 BAK
100 _aBAKER JOAN
245 _aMAN IS NOT A FINANCIAL PLAN INVESTING FO
260 _c2008
_aNew Delhi
_bViva Books
300 _ax, : 201 : p. : cm. ; 19
365 _cRS
_b33
999 _c15652
_d15652